| 000 | 00431nam a2200181Ia 4500 | ||
|---|---|---|---|
| 008 | 221030s9999 xx 000 0 und d | ||
| 020 | _a8181284976 | ||
| 041 | _aEnglish | ||
| 082 | _a105.23 | ||
| 100 | _aG. J. Kowalsky | ||
| 245 | 0 | _aInformation Storage & Retrieval Systems | |
| 250 | _a2nd | ||
| 260 |
_bSpringer _aNew Delhi _c2008 |
||
| 300 | _a318 | ||
| 650 | _aCSE Career Award | ||
| 700 | _aM. I. Maybury | ||
| 942 | _cBK | ||
| 999 |
_c6215 _d6215 |
||